000 00656nam a2200217Ii 4500
001 11528
003 CO-ViMGA
008 241108s9999||||xx |||||||||||||| ||und||
020 _a9588017270
040 _aCO-ViMGA
_bspa
_erda
_cCO-ViMGA
041 0 _aspa
082 0 4 _a658.812 A51r
100 1 _aKarl Albrecht
_949362
245 1 0 _aLa revolución del servicio:
_bLo único que cuenta es un cliente satisfecho
264 1 _aBogotá, Colombia : 3R editores, 1998
300 _avolumen
336 _atext
_btxt
_2rdacontent
337 _aunmediated
_bn
_2rdamedia
338 _avolume
_bnc
_2rdacarrier
940 _aidficha_siabuc: 11254. -- ficha_no_siabuc:11528
999 _c44014
_d44014